000 00728nam a2200265Ia 4500
003 OSt
005 20221006151006.0
006 a|||||r|||| 00| 0
007 ta
008 221006b |||||||| |||| 00| 0 jpn d
020 _c¥1800 (each)
024 _a20,563
037 _bGift, Japan Foundation
_cTextual
040 _aEASL
_cEASL
_bjpn
041 _2jpn
_ajpn
082 _aW4.42.N12, K7
100 _aMATSUMOTO Sannosuke
_9647296
245 0 _aTennosei kokka to seiji shiso
260 _aTokyo
_bMiraisha Japan
_c1967
300 _a313p.
_ccm.
490 _v JL
650 _aJL
942 _hW4.42.N12, K7
_cTEXL
_2CC
999 _c1088649
_d1088649